000 00529nam a2200229Ia 4500
001 14227
003 GE_BSU
008 181216s||||||||xx |||||||||||||| ||und||
020 _a0806909528
040 _cGE_BSU
080 _a746
100 _aBoereds,Patrice
245 _aTwo-Hour Cross-Stitch
245 _b515 fabulous Designs
260 _aNew York
260 _bA sterling/Chapelle
260 _c1994
300 _a143p.ill.29cm.
653 _a515 fabulous Designs
653 _aTwo-Hour Cross-Stitch
942 _cBK
999 _c47366
_d47366